Estadísticas para Ciudades más grandes en América Latina

Haz click aquí para tomar la prueba!

Estadísticas generales

  • Esta prueba ha sido tomada 9.406 veces
    (6.110 desde el último reinicio)
  • La puntuación promedio es 15 de 26

Estadísticas de respuestas

PoblaciónCiudad% Correcto
16,0 millonesBuenos Aires
98%
7,15 millonesSantiago
93%
22,3 millonesCiudad de México
92%
9,50 millonesBogotá
92%
10,1 millonesLima
91%
12,7 millonesRío de Janeiro
90%
3,73 millonesCaracas
90%
3,90 millonesBrasilia
86%
21,9 millonesSão Paulo
81%
2,60 millonesQuito
81%
3,85 millonesMedellín
65%
5,05 millonesGuadalajara
56%
4,75 millonesMonterrey
52%
2,98 millonesCali
51%
3,05 millonesCiudad de Guatemala
42%
3,75 millonesSanto Domingo
38%
3,03 millonesGuayaquil
38%
4,95 millonesBelo Horizonte
33%
4,08 millonesPorto Alegre
32%
3,68 millonesSalvador
30%
3,68 millonesFortaleza
30%
3,78 millonesRecife
30%
3,03 millonesPuebla
29%
3,33 millonesCuritiba
24%
2,90 millonesPuerto Príncipe
23%
3,08 millonesCampinas
9%

Distribución de puntuación

Porcentaje por número respondido

Porcentaje de gente con cada puntuación

Historial de tus puntuaciones

No has tomado esta prueba desde el último reinicio